000 00806cam a2200265 4500
001 ABS61509
008 000000n1999 000 0 eng u
035 _a(Sirsi) u101233
245 _aFocus 99: M25 junction 16-24
260 _c1999
490 _aEstates Gazette
_v(9941) 16 October 1999, 97-129(15)
590 _aABS
650 _aM25 CORRIDOR
650 _aUXBRIDGE
650 _aWATFORD
650 _aHERTFORDSHIRE
650 _aINDUSTRIAL MARKET
650 _aPROPERTY-COMMERCIAL PROPERTY-OFFICE PROPERTY-OFFICE PROPERTY MARKET
650 _aPROPERTY-COMMERCIAL PROPERTY-RETAIL PROPERTY-RETAIL PROPERTY MARKET
650 _aST ALBANS
650 _aRICKMANSWORTH
650 _aWELWYN GARDEN CITY
690 _aPROPERTY-COMMERCIAL PROPERTY-COMMERCIAL PROPERTY MARKET
942 _n0
999 _c60387
_d60387